[Event "Berlin-ch Seniors op 27th"]
[Site "Berlin"]
[Date "2011.02.03"]
[Round "6"]
[White "Graul, Dieter"]
[Black "Gross, Horst"]
[Result "1/2-1/2"]
[WhiteElo "1673"]
[BlackElo "1457"]
[PlyCount "105"]
[EventDate "2011.01.29"]
[EventType "swiss"]
[EventRounds "9"]
[EventCountry "GER"]
[SourceTitle "EXT 2012"]
[Source "ChessBase"]
[SourceDate "2011.11.24"]
[SourceVersion "1"]
[SourceVersionDate "2011.11.24"]
[SourceQuality "1"]

1. d4 d5 2. c4 e6 3. Nf3 Nf6 4. Bg5 Nbd7 5. Nc3 c6 6. e3 Bb4 7. Qc2 0-0 8. Bd3 h6 9. Bh4 Be7 10. 0-0 Ne8 11. Bxe7 Qxe7 12. Rac1 Nef6 13. cxd5 exd5 14. Rfe1 Qd6 15. h3 Nb6 16. Ne5 Be6 17. Na4 Nbd7 18. Nxd7 Nxd7 19. Nc5 Nxc5 20. dxc5 Qe5 21. f4 Qf6 22. a3 g6 23. Rf1 h5 24. Rce1 Qh4 25. Bxg6 Bxh3 26. Bf5 Bxf5 27. Qxf5 Qg4 28. Qc2 h4 29. Qe2 Qxe2 30. Rxe2 Kg7 31. Kh2 Rh8 32. Kh3 f5 33. Rh1 Kf6 34. Kh2 Rag8 35. Rf2 Rg3 36. Rf3 Rhg8 37. Rxg3 Rxg3 38. Re1 Kf7 39. Re2 Kf6 40. Re1 Ke7 41. b4 a6 42. a4 Kd7 43. Kg1 h3 44. Kf2 Rxg2+ 45. Kf3 Rb2 46. Rh1 Rxb4 47. Rxh3 Ke7 48. Rh7+ Kf6 49. Rc7 Kg6 50. Rd7 Kf6 51. Rh7 Kg6 52. Rd7 Kf6 53. Rh7 1/2-1/2

[Event "Berlin-ch Seniors op 27th"]
[Site "Berlin"]
[Date "2011.02.02"]
[Round "5"]
[White "Moeller, Dirk Halvard"]
[Black "Graul, Dieter"]
[Result "1/2-1/2"]
[WhiteElo "1501"]
[BlackElo "1673"]
[PlyCount "73"]
[EventDate "2011.01.29"]
[EventType "swiss"]
[EventRounds "9"]
[EventCountry "GER"]
[SourceTitle "EXT 2012"]
[Source "ChessBase"]
[SourceDate "2011.11.24"]
[SourceVersion "1"]
[SourceVersionDate "2011.11.24"]
[SourceQuality "1"]

1. e4 d5 2. exd5 Qxd5 3. Nc3 Qa5 4. Bc4 Nf6 5. d3 c6 6. Bd2 Qc7 7. Nge2 Bf5 8. Ng3 Bg6 9. Qe2 e6 10. 0-0-0 Bd6 11. Nge4 Nxe4 12. dxe4 Bf4 13. h4 Bxd2+ 14. Rxd2 h6 15. h5 Bh7 16. Rh4 Nd7 17. f4 0-0-0 18. Qf2 Nb6 19. Bd3 Kb8 20. g4 f6 21. Rh1 e5 22. f5 Rd6 23. Rhd1 Rhd8 24. a4 Bg8 25. Qc5 Nc8 26. b3 a5 27. Kb2 Qb6 28. Qa3 Qb4 29. Qa1 Na7 30. Na2 Qb6 31. Nc3 c5 32. Kc1 Nc6 33. Nb5 R6d7 34. Qc3 Nd4 35. Bc4 Nxb5 36. Bxb5 Rxd2 37. Rxd2 1/2-1/2

[Event "Berlin-ch Seniors op 27th"]
[Site "Berlin"]
[Date "2011.01.29"]
[Round "1"]
[White "Graul, Dieter"]
[Black "Pueschel, Werner"]
[Result "0-1"]
[WhiteElo "1673"]
[BlackElo "2071"]
[PlyCount "80"]
[EventDate "2011.01.29"]
[EventType "swiss"]
[EventRounds "9"]
[EventCountry "GER"]
[SourceTitle "EXT 2012"]
[Source "ChessBase"]
[SourceDate "2011.11.24"]
[SourceVersion "1"]
[SourceVersionDate "2011.11.24"]
[SourceQuality "1"]

1. d4 Nf6 2. c4 c5 3. d5 e6 4. Nc3 exd5 5. cxd5 d6 6. Nf3 g6 7. e4 Bg7 8. Bd3 0-0 9. 0-0 a6 10. a4 Bg4 11. h3 Bxf3 12. Qxf3 Nbd7 13. Bf4 Qe7 14. Rfe1 Ne5 15. Bxe5 Qxe5 16. Rab1 Rac8 17. Bc2 Nd7 18. a5 Qd4 19. Na2 Qd2 20. Qe2 Qxa5 21. Nc3 b5 22. Ra1 Qb6 23. Ra2 c4 24. Rea1 Nc5 25. Nd1 Ra8 26. Qe1 Rfd8 27. Kh1 Rd7 28. f3 Rda7 29. Qa5 Qb8 30. Qe1 Qd8 31. Ne3 a5 32. Bd1 a4 33. Qb4 Rb8 34. Rb1 Nd3 35. Qd2 Rab7 36. Bc2 Nc5 37. Nd1 Qh4 38. Qf2 Qe7 39. Nc3 b4 40. Nxa4 b3 0-1

[Event "Berlin-ch Seniors op 26th"]
[Site "Berlin"]
[Date "2010.02.14"]
[Round "6"]
[White "Rehder, Frank"]
[Black "Graul, Dieter"]
[Result "0-1"]
[WhiteElo "1754"]
[BlackElo "1634"]
[PlyCount "70"]
[EventDate "2010.02.09"]
[EventType "swiss"]
[EventRounds "9"]
[EventCountry "GER"]
[SourceTitle "EXT 2012"]
[Source "ChessBase"]
[SourceDate "2011.11.24"]
[SourceVersion "1"]
[SourceVersionDate "2011.11.24"]
[SourceQuality "1"]

1. d4 Nf6 2. Nf3 d6 3. c4 Nbd7 4. Nc3 g6 5. e4 e5 6. d5 Nc5 7. Bg5 a5 8. Qc2 Bg7 9. h3 0-0 10. Be2 h6 11. Be3 b6 12. 0-0 Bd7 13. Rad1 Qe7 14. Nd2 g5 15. Nb3 Nxb3 16. Qxb3 Rfc8 17. Qc2 Rf8 18. Rde1 Ne8 19. Bd3 Nf6 20. Ne2 Nh5 21. a3 Nf4 22. Ng3 Nxd3 23. Qxd3 a4 24. Nh5 f5 25. exf5 Bxf5 26. Qd2 Qf7 27. Nxg7 Qxg7 28. h4 Qg6 29. Rd1 Rf7 30. hxg5 hxg5 31. f3 g4 32. f4 g3 33. Rfe1 Bg4 34. Rc1 Qh5 35. Kf1 Rxf4+ 0-1

[Event "Berlin-ch Seniors op 26th"]
[Site "Berlin"]
[Date "2010.02.12"]
[Round "4"]
[White "Graul, Dieter"]
[Black "Hoose, Hannelore"]
[Result "1-0"]
[WhiteElo "1634"]
[BlackElo "1504"]
[PlyCount "61"]
[EventDate "2010.02.09"]
[EventType "swiss"]
[EventRounds "9"]
[EventCountry "GER"]
[SourceTitle "EXT 2012"]
[Source "ChessBase"]
[SourceDate "2011.11.24"]
[SourceVersion "1"]
[SourceVersionDate "2011.11.24"]
[SourceQuality "1"]

1. d4 g6 2. c4 Bg7 3. Nc3 c6 4. e4 d6 5. Be2 Nd7 6. Nf3 c5 7. d5 Ne5 8. Nxe5 Bxe5 9. 0-0 Nf6 10. Qc2 0-0 11. h3 Ne8 12. Bh6 Bg7 13. Bxg7 Nxg7 14. f4 f5 15. e5 e6 16. Rad1 dxe5 17. dxe6 Qe7 18. Nd5 Qh4 19. e7 Re8 20. Nc7 Qxe7 21. Nxe8 Nxe8 22. fxe5 Qxe5 23. Bf3 Nd6 24. Rfe1 Qf6 25. Qd3 Nf7 26. Re8+ Kg7 27. Qc3 Qxc3 28. bxc3 Ng5 29. Rdd8 Nxf3+ 30. gxf3 a5 31. Rxc8 1-0

[Event "Berlin-ch Seniors op 26th"]
[Site "Berlin"]
[Date "2010.02.10"]
[Round "2"]
[White "Graul, Dieter"]
[Black "Nietsch, Horst"]
[Result "1/2-1/2"]
[WhiteElo "1634"]
[BlackElo "1916"]
[PlyCount "43"]
[EventDate "2010.02.09"]
[EventType "swiss"]
[EventRounds "9"]
[EventCountry "GER"]
[SourceTitle "EXT 2012"]
[Source "ChessBase"]
[SourceDate "2011.11.24"]
[SourceVersion "1"]
[SourceVersionDate "2011.11.24"]
[SourceQuality "1"]

1. d4 Nf6 2. c4 e6 3. Nf3 b6 4. e3 Bb7 5. Bd3 d5 6. b3 Nbd7 7. 0-0 Be7 8. Bb2 0-0 9. Nc3 Ne4 10. Rc1 a6 11. Qe2 f5 12. Nd2 Bd6 13. g3 Nxd2 14. Qxd2 Qg5 15. f4 Qe7 16. Be2 Nf6 17. Bf3 Bb4 18. Qe2 Ne4 19. Nxe4 fxe4 20. Bg2 a5 21. Qc2 Ba6 22. Rf2 1/2-1/2

[Event "Berlin-ch Seniors op 25th"]
[Site "Berlin"]
[Date "2009.02.18"]
[Round "7"]
[White "Baranowsky, Peter"]
[Black "Graul, Dieter"]
[Result "1-0"]
[WhiteElo "1852"]
[BlackElo "1632"]
[PlyCount "125"]
[EventDate "2009.02.12"]
[EventType "swiss"]
[EventRounds "9"]
[EventCountry "GER"]
[SourceTitle "EXT 2022"]
[Source "ChessBase"]
[SourceDate "2021.10.06"]
[SourceVersion "1"]
[SourceVersionDate "2021.10.06"]
[SourceQuality "1"]

1. d4 Nf6 2. Nf3 g6 3. Nc3 Bg7 4. e4 d6 5. Be3 0-0 6. Qd2 c6 7. 0-0-0 Nbd7 8. h4 h5 9. e5 dxe5 10. dxe5 Ng4 11. e6 fxe6 12. Bc4 Nxe3 13. Bxe6+ Kh8 14. fxe3 Qc7 15. Bxd7 Rd8 16. Qd3 Bxd7 17. Qxg6 Be8 18. Qf5 Rd6 19. Rxd6 Qxd6 20. Ne4 Qg6 21. Qf4 Qf7 22. Qxf7 Bxf7 23. Neg5 Be8 24. Rd1 Rc8 25. c4 Bf6 26. Ne6 Kh7 27. b3 Kh6 28. Rd2 b5 29. c5 a5 30. e4 Bc3 31. Rd3 Bh8 32. Kd2 Bf7 33. Nfg5 Be8 34. Ke2 Bf6 35. Kf3 Be5 36. Nd8 Kg6 37. g4 Bd6 38. Nde6 Be5 39. Nf4+ Bxf4 40. Kxf4 hxg4 41. Kxg4 Ra8 42. Nf3 Kf6 43. e5+ Kg7 44. Kg5 a4 45. h5 axb3 46. axb3 Bf7 47. Nd4 Bd5 48. h6+ Kh7 49. Nxb5 Ra1 50. Nc7 Rg1+ 51. Kf4 Rf1+ 52. Kg3 e6 53. Nxd5 exd5 54. Rf3 Rg1+ 55. Kf2 Rg6 56. Rh3 Re6 57. Rh5 Re8 58. Kf3 Rb8 59. e6 Rxb3+ 60. Kf4 Rb8 61. Ke5 Re8 62. Kf6 d4 63. Kf7 1-0

[Event "Berlin-ch Seniors op 25th"]
[Site "Berlin"]
[Date "2009.02.14"]
[Round "3"]
[White "Graul, Dieter"]
[Black "Engelhardt, Erhard"]
[Result "1/2-1/2"]
[WhiteElo "1632"]
[BlackElo "1833"]
[PlyCount "149"]
[EventDate "2009.02.12"]
[EventType "swiss"]
[EventRounds "9"]
[EventCountry "GER"]
[SourceTitle "EXT 2022"]
[Source "ChessBase"]
[SourceDate "2021.10.06"]
[SourceVersion "1"]
[SourceVersionDate "2021.10.06"]
[SourceQuality "1"]

1. c3 b6 2. Nf3 Bb7 3. d3 f5 4. Nbd2 Nf6 5. g3 e6 6. Bg2 Be7 7. 0-0 0-0 8. Nc4 Kh8 9. Bg5 h6 10. Bd2 Qe8 11. Qc1 Qh5 12. Qd1 c5 13. a4 Na6 14. Bf4 Ne8 15. Ne1 Bxg2 16. Kxg2 d6 17. e4 Qxd1 18. Rxd1 fxe4 19. dxe4 Rd8 20. Nf3 Nac7 21. Rfe1 Rf7 22. Re2 e5 23. Bc1 Bf6 24. Ne3 g6 25. Ng4 Bg7 26. Bxh6 Ne6 27. Bxg7+ Kxg7 28. Red2 Nf6 29. Nxf6 Rdf8 30. Ne8+ Rxe8 31. Rxd6 Nf8 32. Ng5 Rfe7 33. h4 Rb7 34. Rc6 Rbe7 35. Rcd6 Kh6 36. g4 Kg7 37. Kg3 Kh6 38. Rd8 Kg7 39. Rxe8 Rxe8 40. Kf3 Re7 41. Ke3 Nd7 42. f3 Nf6 43. Rd6 Ne8 44. Re6 Rxe6 45. Nxe6+ Kf6 46. Nd8 Nd6 47. b3 Nc8 48. Nc6 Ke6 49. b4 cxb4 50. cxb4 a6 51. Nb8 a5 52. bxa5 bxa5 53. Nc6 Nb6 54. Nxa5 Nxa4 55. Nc4 Nc5 56. f4 exf4+ 57. Kxf4 Kf6 58. e5+ Kg7 59. Ke3 Kf7 60. Kd4 Ne6+ 61. Kd5 Ke7 62. Ke4 Nc5+ 63. Kf4 Ne6+ 64. Kg3 Ng7 65. Kh3 Ke6 66. Kg3 Kd5 67. Nd6 Kxe5 68. Nf7+ Kf6 69. Nh8 Ne6 70. Nxg6 Kxg6 71. Kf3 Nd4+ 72. Ke4 Ne6 73. Ke5 Nc5 74. h5+ Kg5 75. Kd4 1/2-1/2

[Event "Berlin-ch Seniors op 24th"]
[Site "Berlin"]
[Date "2008.02.28"]
[Round "8"]
[White "Fiedler, Wolfgang2222"]
[Black "Graul, Dieter"]
[Result "1-0"]
[WhiteElo "1802"]
[BlackElo "1589"]
[PlyCount "53"]
[EventDate "2008.02.21"]
[EventType "swiss"]
[EventRounds "9"]
[EventCountry "GER"]
[SourceTitle "EXT 2022"]
[Source "ChessBase"]
[SourceDate "2021.10.06"]
[SourceVersion "1"]
[SourceVersionDate "2021.10.06"]
[SourceQuality "1"]

1. d4 Nf6 2. c4 g6 3. Nc3 Bg7 4. e4 d6 5. Be2 0-0 6. g4 e5 7. d5 a5 8. h4 Nbd7 9. h5 Nc5 10. f3 gxh5 11. g5 Ne8 12. Rxh5 f6 13. Be3 b6 14. Qd2 f5 15. Bxc5 bxc5 16. Bd3 f4 17. Qh2 Kf7 18. Nge2 Rh8 19. 0-0-0 Qe7 20. Rg1 Kg8 21. Rh1 Bf8 22. Nxf4 exf4 23. e5 Qxe5 24. Rxh7 Bg7 25. Rxh8+ Bxh8 26. Qh7+ Kf8 27. Bg6 1-0

[Event "Berlin-ch Seniors op 24th"]
[Site "Berlin"]
[Date "2008.02.25"]
[Round "5"]
[White "Bolle, Dietrich"]
[Black "Graul, Dieter"]
[Result "1/2-1/2"]
[WhiteElo "1387"]
[BlackElo "1589"]
[PlyCount "98"]
[EventDate "2008.02.21"]
[EventType "swiss"]
[EventRounds "9"]
[EventCountry "GER"]
[SourceTitle "EXT 2022"]
[Source "ChessBase"]
[SourceDate "2021.10.06"]
[SourceVersion "1"]
[SourceVersionDate "2021.10.06"]
[SourceQuality "1"]

1. d4 Nf6 2. c4 g6 3. Nf3 Bg7 4. e3 0-0 5. Be2 d6 6. 0-0 Nbd7 7. Nc3 e5 8. Bd3 Re8 9. Qc2 c6 10. Ng5 Nh5 11. Nge4 Qc7 12. d5 Ndf6 13. Nxf6+ Nxf6 14. e4 cxd5 15. Nb5 Qd8 16. cxd5 Re7 17. Bg5 a6 18. Nc3 Rc7 19. Qd2 Qe8 20. h3 Nd7 21. Rac1 b5 22. b4 Bb7 23. Be3 Rac8 24. Ne2 Bf6 25. Rxc7 Rxc7 26. Rc1 Qc8 27. Rxc7 Qxc7 28. g4 Nb6 29. Bxb6 Qxb6 30. g5 Bd8 31. Kg2 Qc7 32. h4 Qd7 33. Qe3 Qg4+ 34. Qg3 Qxg3+ 35. Kxg3 f6 36. f4 Kg7 37. Ng1 Bc8 38. Nf3 Bb6 39. gxf6+ Kxf6 40. Ng5 Kg7 41. f5 Be3 42. Ne6+ Bxe6 43. fxe6 Bd2 44. Kg4 h6 45. h5 gxh5+ 46. Kxh5 Bxb4 47. Be2 Bc5 48. Kg4 Bb6 49. Kf5 Bd8 1/2-1/2

[Event "Berlin-ch Seniors op 24th"]
[Site "Berlin"]
[Date "2008.02.21"]
[Round "1"]
[White "Keusch, Horst"]
[Black "Graul, Dieter"]
[Result "1-0"]
[WhiteElo "1882"]
[BlackElo "1589"]
[PlyCount "51"]
[EventDate "2008.02.21"]
[EventType "swiss"]
[EventRounds "9"]
[EventCountry "GER"]
[SourceTitle "EXT 2022"]
[Source "ChessBase"]
[SourceDate "2021.10.06"]
[SourceVersion "1"]
[SourceVersionDate "2021.10.06"]
[SourceQuality "1"]

1. f4 Nf6 2. Nf3 g6 3. e3 d6 4. Be2 Bg7 5. 0-0 0-0 6. d3 c5 7. Qe1 Nc6 8. c3 a6 9. e4 b5 10. Qh4 Ne8 11. Ng5 h6 12. Nf3 e6 13. Qg3 Kh7 14. Nbd2 b4 15. e5 d5 16. Nb3 bxc3 17. bxc3 c4 18. dxc4 dxc4 19. Bxc4 Na5 20. Bd3 Nxb3 21. axb3 Qb6+ 22. Kh1 Qxb3 23. Ba3 Rg8 24. Ng5+ Kh8 25. Nxf7+ Kh7 26. Bxg6# 1-0

[Event "Brandenburg-ch Seniors 22nd"]
[Site "Berlin"]
[Date "2006.02.27"]
[Round "7"]
[White "Geiss, Alfred"]
[Black "Graul, Dieter"]
[Result "0-1"]
[WhiteElo "1399"]
[BlackElo "1600"]
[PlyCount "116"]
[EventDate "2006.02.20"]
[EventType "swiss"]
[EventRounds "9"]
[EventCountry "GER"]
[SourceTitle "EXT 2007"]
[Source "ChessBase"]
[SourceDate "2006.11.23"]
[SourceVersion "1"]
[SourceVersionDate "2006.11.23"]
[SourceQuality "1"]

1. Nf3 Nf6 2. d3 g6 3. Nbd2 Bg7 4. e4 d6 5. g3 0-0 6. Bg2 Nbd7 7. 0-0 e5 8. Re1 Re8 9. Nf1 c6 10. c3 a5 11. Nh4 Qe7 12. f4 exf4 13. Bxf4 Qf8 14. Qd2 Nh5 15. Be3 Ne5 16. Qc1 Nxd3 17. Qd2 Nxe1 18. Rxe1 Be6 19. b3 Qe7 20. c4 a4 21. Nf3 axb3 22. axb3 Qc7 23. Nd4 Qa5 24. Qc1 Bd7 25. Nd2 c5 26. Nc2 Bc6 27. g4 Nf6 28. Bf4 Nxg4 29. Bxd6 Qb6 30. h3 Ne5 31. Re3 Re6 32. Bxe5 Bxe5 33. Nf3 Bf4 34. Kf2 Rxe4 35. Qd2 Bxe3+ 36. Nxe3 Qd8 37. Ng4 Rxg4 38. hxg4 Bxf3 39. Bxf3 Qd4+ 40. Qxd4 cxd4 41. Bxb7 Rb8 42. Bd5 Rxb3 43. Ke2 Kf8 44. c5 Rb5 45. Kd3 Rxc5 46. Kxd4 Rxd5+ 47. Kxd5 h6 48. Ke4 f6 49. Kf4 Ke7 50. Kf3 Ke6 51. Ke4 f5+ 52. gxf5+ gxf5+ 53. Kf4 Kf6 54. Kf3 Ke5 55. Ke3 f4+ 56. Kf2 Ke4 57. Kg2 Ke3 58. Kg1 Ke2 0-1

[Event "Brandenburg-ch Seniors 22nd"]
[Site "Berlin"]
[Date "2006.02.25"]
[Round "6"]
[White "Graul, Dieter"]
[Black "Metzger, Eberhard"]
[Result "0-1"]
[WhiteElo "1600"]
[BlackElo "1721"]
[PlyCount "54"]
[EventDate "2006.02.20"]
[EventType "swiss"]
[EventRounds "9"]
[EventCountry "GER"]
[SourceTitle "EXT 2007"]
[Source "ChessBase"]
[SourceDate "2006.11.23"]
[SourceVersion "1"]
[SourceVersionDate "2006.11.23"]
[SourceQuality "1"]

1. Nf3 g6 2. g3 Bg7 3. Bg2 e5 4. d3 Ne7 5. e4 0-0 6. 0-0 Nbc6 7. Re1 d6 8. Nc3 h6 9. Qe2 Be6 10. Qf1 Qd7 11. a3 a6 12. Rb1 Rab8 13. Be3 f5 14. Ne2 g5 15. exf5 Nxf5 16. Bc1 g4 17. Nh4 Nxh4 18. gxh4 Qe7 19. h5 Qh4 20. Ng3 Nd4 21. c3 Nf3+ 22. Bxf3 gxf3 23. Re4 Qf6 24. Kh1 d5 25. Re1 Qh4 26. c4 Bh3 27. Qg1 Bg2+ 0-1

[Event "Brandenburg-ch Seniors 22nd"]
[Site "Berlin"]
[Date "2006.02.24"]
[Round "5"]
[White "Janzen, Christian"]
[Black "Graul, Dieter"]
[Result "1/2-1/2"]
[WhiteElo "1620"]
[BlackElo "1600"]
[PlyCount "49"]
[EventDate "2006.02.20"]
[EventType "swiss"]
[EventRounds "9"]
[EventCountry "GER"]
[SourceTitle "EXT 2007"]
[Source "ChessBase"]
[SourceDate "2006.11.23"]
[SourceVersion "1"]
[SourceVersionDate "2006.11.23"]
[SourceQuality "1"]

1. d4 Nf6 2. Nf3 d6 3. g3 g6 4. Bg2 Bg7 5. 0-0 Nbd7 6. Nbd2 0-0 7. Rb1 Re8 8. Re1 e5 9. dxe5 dxe5 10. e4 c6 11. Nb3 Qe7 12. Bd2 Rb8 13. Qe2 b6 14. Bc3 Bb7 15. Rbd1 Rbd8 16. h3 Kh8 17. Nh2 Qf8 18. Bd2 Nh5 19. Bf3 Nhf6 20. g4 h6 21. Nf1 Nh7 22. Ng3 Nb8 23. Qf1 Bf6 24. Be2 Ng5 25. Bxg5 1/2-1/2

[Event "Brandenburg-ch Seniors 22nd"]
[Site "Berlin"]
[Date "2006.02.21"]
[Round "2"]
[White "Graul, Dieter"]
[Black "Zarubin, Juri"]
[Result "0-1"]
[WhiteElo "1600"]
[BlackElo "1799"]
[PlyCount "71"]
[EventDate "2006.02.20"]
[EventType "swiss"]
[EventRounds "9"]
[EventCountry "GER"]
[SourceTitle "EXT 2007"]
[Source "ChessBase"]
[SourceDate "2006.11.23"]
[SourceVersion "1"]
[SourceVersionDate "2006.11.23"]
[SourceQuality "1"]

1. Nf3 Nf6 2. g3 g6 3. Bg2 Bg7 4. d3 0-0 5. Nbd2 d6 6. 0-0 c5 7. e4 Nc6 8. Re1 Qc7 9. c3 Rb8 10. a4 Bg4 11. h3 Bd7 12. Nf1 b5 13. axb5 Rxb5 14. d4 cxd4 15. Nxd4 Nxd4 16. cxd4 e5 17. d5 Rfb8 18. Re2 Nh5 19. Rc2 Qb7 20. Bd2 f5 21. g4 fxg4 22. hxg4 Nf4 23. Be3 a5 24. Nd2 Ra8 25. Nc4 Bf8 26. Bxf4 exf4 27. Bf1 Rc5 28. Be2 a4 29. Na3 Rac8 30. Rxc5 Rxc5 31. Qd2 g5 32. Rc1 Rxc1+ 33. Qxc1 Qc8 34. Qc3 Qxc3 35. bxc3 Kf7 36. f3 0-1

[Event "Berlin op 04"]
[Site "Berlin"]
[Date "2004.04.10"]
[Round "1"]
[White "Boettcher, Patrick"]
[Black "Graul, Dieter"]
[Result "1-0"]
[WhiteElo "1940"]
[BlackElo "1605"]
[PlyCount "95"]
[EventDate "2004.04.10"]
[EventType "swiss"]
[EventRounds "9"]
[EventCountry "GER"]
[SourceTitle "EXT 2007"]
[Source "ChessBase"]
[SourceDate "2006.11.23"]
[SourceVersion "1"]
[SourceVersionDate "2006.11.23"]
[SourceQuality "1"]

1. d4 Nf6 2. c4 g6 3. Nc3 Bg7 4. e4 d6 5. f3 0-0 6. Be3 e5 7. d5 Nh5 8. Qd2 f5 9. Nge2 Nd7 10. 0-0-0 f4 11. Bf2 a6 12. Kb1 b5 13. cxb5 axb5 14. Nxb5 Ba6 15. Nc1 Qb8 16. Nc3 Bxf1 17. Rhxf1 Nb6 18. Bxb6 Qxb6 19. Nb3 Nf6 20. Qd3 Rfb8 21. Qc4 Bf8 22. Rd2 Qa7 23. Nc1 Qa6 24. Qxa6 Rxa6 25. Nd3 Nd7 26. b3 Rb7 27. Kc2 Ra8 28. a4 Nb8 29. b4 c6 30. Rb1 Be7 31. b5 cxb5 32. axb5 Nd7 33. Kb3 Bd8 34. Ra2 Rxa2 35. Kxa2 Bb6 36. Kb3 Bd4 37. Kb4 Kf7 38. Rb3 Ke7 39. Na4 Bg1 40. Rb1 Be3 41. Nab2 Bd2+ 42. Ka4 Ra7+ 43. Kb3 Rb7 44. Kc2 Be3 45. Nc4 Bb6 46. Nb4 Bc5 47. Na5 Bxb4 48. Nxb7 1-0

[Event "Kreuzberg 2000"]
[Site "Berlin"]
[Date "2000.07.22"]
[Round "1"]
[White "Poppner, Dietmar"]
[Black "Graul, Dieter"]
[Result "1-0"]
[WhiteElo "2144"]
[BlackElo "1730"]
[PlyCount "67"]
[EventDate "2000.07.??"]
[EventType "swiss"]
[EventRounds "9"]
[EventCountry "GER"]
[SourceTitle "EXT 2001"]
[Source "ChessBase"]
[SourceDate "2000.11.22"]
[SourceVersion "1"]
[SourceVersionDate "2000.11.22"]
[SourceQuality "1"]

1. f4 Nf6 2. Nf3 g6 3. b4 Bg7 4. Bb2 d5 5. e3 0-0 6. Be2 c6 7. Na3 b5 8. Ne5 Nfd7 9. 0-0 Nxe5 10. fxe5 f6 11. exf6 Bxf6 12. Bxf6 Rxf6 13. Rxf6 exf6 14. c3 Nd7 15. Nc2 Ne5 16. a4 bxa4 17. Rxa4 Qb6 18. Nd4 Bd7 19. Ra6 Qb7 20. Qf1 Kg7 21. h3 Rc8 22. Qa1 Rc7 23. Nb3 Qb8 24. Nc5 Bc8 25. Ra5 Re7 26. Qf1 Nd7 27. Nb3 Qc7 28. Nc5 Nxc5 29. Rxc5 Re5 30. Qf4 Qb6 31. Bf3 Qd8 32. Rxc6 a5 33. Qd4 Qd7 34. Qc5 1-0